LEADER 01316nam--2200385---450- 001 990001711930203316 005 20050415104607.0 035 $a000171193 035 $aUSA01000171193 035 $a(ALEPH)000171193USA01 035 $a000171193 100 $a20040531d1980----km-y0itay0103----ba 101 0 $aita 102 $aIT 105 $a||||||||001yy 200 1 $aStoria delle sette religiose in Russia$edagli anni ì60 del 19. scolo al 1971$fAleksandr Il'ic Klibanov$ga cura di Valdo Zilli$g[trad. di R. Loy] 210 $aFirenze$cLa Nuova Italia$d1980 215 $aXXXVI, 663 p.$d21 cm 225 2 $aBiblioteca di storia$v31 410 0$12001$aBiblioteca di storia$v31 454 1$12001$aIstorija religioznogo sektantstva v Rossii (60 e gody 19 v. )$926852 606 0 $aSette religiose$yRussia$zSec. 19.-20. 676 $a288 700 1$aKLIBANOV,$bAleksandr Ill'ic$0562410 702 1$aZILLI,$bValdo 702 1$aLOY,$bR. 801 0$aIT$bsalbc$gISBD 912 $a990001711930203316 951 $aII.2. 7958(III E coll. 13/31)$b92270 L.M.$cIII E coll. 959 $aBK 969 $aUMA 979 $aSIAV1$b10$c20040531$lUSA01$h0922 979 $aCOPAT5$b90$c20050415$lUSA01$h1046 996 $aIstorija religioznogo sektantstva v Rossii (60 e gody 19 v.$926852 997 $aUNISA LEADER 01061nam--2200349---450- 001 990005944160203316 005 20140417085718.0 035 $a000594416 035 $aUSA01000594416 035 $a(ALEPH)000594416USA01 035 $a000594416 100 $a20140417d1997----km-y0itay50------ba 101 0 $aita 102 $aIT 105 $a||||||||001yy 200 1 $aLibro bianco, iniziative comunitarie, esperienze locali$fa cura di Francesco Calvanese 210 $aLancusi$cGutenberg$d1997 215 $a206 p.$d22 cm 225 2 $aStudi e ricerche$v97 410 0$12001$aStudi e ricerche$v97 606 0 $aUniversità$xComunicazione$2BNCF 676 $a378.194 702 1$aCALVANESE,$bFrancesco 801 0$aIT$bsalbc$gISBD 912 $a990005944160203316 951 $aII.4. 4187$b244726 L.M.$cII.4.$d00354023 959 $aBK 969 $aUMA 979 $aPASSARO$b90$c20140417$lUSA01$h0855 979 $aPASSARO$b90$c20140417$lUSA01$h0857 996 $aLibro bianco, iniziative comunitarie, esperienze locali$9970887 997 $aUNISA